Literature for WAEC 1981-1984 Okike Educational supplement number 3 (Record no. 3298)
[ view plain ]
| 000 -LEADER | |
|---|---|
| fixed length control field | 00375nam a22001337a 4500 |
| 008 - FIXED-LENGTH DATA ELEMENTS--GENERAL INFORMATION | |
| fixed length control field | 250505b |||||||| |||| 00| 0 eng d |
| 020 ## - INTERNATIONAL STANDARD BOOK NUMBER | |
| ISBN | 9783001922 |
| 100 ## - MAIN ENTRY--AUTHOR | |
| Author | Obiechina Emmanuel |
| 245 ## - TITLE STATEMENT | |
| Title | Literature for WAEC 1981-1984 Okike Educational supplement number 3 |
| 260 ## - PUBLICATION, DISTRIBUTION, ETC. (IMPRINT) | |
| Place of publication | Uwani, ENUGU |
| Name of publisher | Star printing |
| Date of publication | 1982 |
| 300 ## - COLLATION | |
| Pagination | 170p. |
| 942 ## - ADDED ENTRY ELEMENTS (KOHA) | |
| Item type | Books |
| 050 ## - LIBRARY OF CONGRESS CALL NUMBER | |
| Classification number | PR228.L58 |
| Item number | .045 |
| Source of classification or shelving scheme | Not for loan | Permanent location | Current location | Date acquired | Accession No. | Full call number | Barcode. | Koha item type |
|---|---|---|---|---|---|---|---|---|
| Library of Congress Classification | Samuel Ogbemudia Main Library, University of Abuja | Samuel Ogbemudia Main Library, University of Abuja | 05/05/2025 | 2001/020469 | PR228.L58.045 | 2025-1753 | Books |